50 Largest Cities in Canada - Statistics

General Stats
  • This quiz has been taken 198 times
  • The average score is 25 of 50
Answer Stats
Population Province/Territory City % Correct
5, 429, 524 Ontario Toronto
98%
3, 519, 595 Quebec Montreal
97%
2, 264, 823 British Columbia Vancouver
97%
1, 062, 643 Alberta Edmonton
96%
1, 237, 656 Alberta Calgary
94%
705, 103 Quebec Quebec City
94%
989, 657 Ontario/Quebec Ottawa/Gatineau
93%
711, 925 Manitoba Winnipeg
92%
316, 701 Nova Scotia Halifax
83%
214, 631 Saskatchewan Regina
80%
245, 181 Saskatchewan Saskatoon
80%
367, 770 British Columbia Victoria
78%
693, 645 Ontario Hamilton
76%
383, 437 Ontario London
74%
178, 427 Newfoundland & Labrador St. Johns
71%
287, 069 Ontario Windsor
65%
93, 952 Ontario Thunder Bay
62%
470, 015 Ontario Kitchener
56%
151, 957 British Columbia Kelowna
52%
99, 718 Alberta Red Deer
52%
229, 246 Ontario St. Catharines/Niagara
52%
88,054 Ontario Sudbury
50%
108, 620 New Brunswick Moncton
49%
159, 561 Ontario Kingston
47%
78, 026 British Columbia Kamloops
46%
308, 875 Ontario Oshawa
44%
139, 565 Quebec Sherbrooke
44%
114, 203 Quebec Trois-Rivieres
44%
121, 279 British Columbia Abbotsford
41%
62, 935 Alberta Medicine Hat
40%
65, 510 British Columbia Prince George
39%
132, 397 Ontario Guelph
37%
97, 572 Alberta Lethbridge
37%
145, 614 Ontario Barrie
35%
92, 004 British Columbia Nanaimo
35%
66, 313 Ontario Sault Ste. Marie
30%
82, 094 Ontario Peterborough
29%
66, 573 Alberta Fort McMurray
27%
68, 604 Quebec Drummondville
23%
72, 125 Ontario Sarnia
23%
67, 666 Ontario Belleville
22%
98, 179 Ontario Brantford
20%
73, 161 British Columbia Chilliwack
17%
104, 222 Quebec Chicoutimi-Jonquiere
13%
101, 715 Ontario Milton
12%
84, 685 Quebec Saint-Jean-sur-Richelieu
7%
77, 146 Quebec Saint-Jerome
6%
71, 164 Quebec Chateauguay
5%
117, 304 Ontario Kanata
5%
93, 729 British Columbia White Rock
5%
No matching quizzes found
Score Distribution
Percent of People with Each Score
Percentile by Number Answered
Your Score History
You have not taken this quiz